=LDR 00000nam 2200000 4500 =001 001038 =005 20250712032943 =035 ##$$a 0010-0725000917 =007 ta =008 250712################a##########0#ind## =020 ##$$a 98-623-307-507-7 =082 ##$$a 398.209 598 =084 ##$$a 398.209 598 KOM a =100 #$$a komar rien komar cheh =245 1#$$a Ayo, terbang /$c komar rien komar cheh =250 ##$$a Pertama =260 ##$$a Jakarta :$b Badan pengembangan dan pembinaan,$c 2022 =300 ##$$a 18 HLM. : $b ilus. ; $c 21,5 cm =650 #4$$a Cerita anak Indonesia terjemahan =650 #4$$a literasi bahan bacaan =990 ##$$a TBM202401003